[Event "FRA-ch op-B"]
[Site "Caen"]
[Date "2011.08.27"]
[Round "11"]
[White "Lagarde, Dimitri"]
[Black "Legoupil, Benoit"]
[Result "0-1"]
[WhiteElo "1754"]
[BlackElo "1823"]
[PlyCount "134"]
[EventDate "2011.08.16"]
[EventType "swiss"]
[EventRounds "11"]
[EventCountry "FRA"]
[SourceTitle "EXT 2012"]
[Source "ChessBase"]
[SourceDate "2011.11.24"]
[SourceVersion "1"]
[SourceVersionDate "2011.11.24"]
[SourceQuality "1"]

1. e4 e5 2. Nf3 Nc6 3. Bb5 a6 4. Ba4 Qf6 5. c3 b5 6. Bc2 Bc5 7. 0-0 d6 8. h3 h6 9. Nh2 g5 10. Qf3 Qxf3 11. Nxf3 Nge7 12. b4 Bb6 13. a4 bxa4 14. Bxa4 0-0 15. d3 f5 16. Be3 fxe4 17. Bxb6 cxb6 18. dxe4 Bxh3 19. Nxe5 Nxe5 20. gxh3 Rf3 21. Kg2 N7g6 22. Bd1 Nf4+ 23. Kg1 Nxh3+ 24. Kg2 Nf4+ 25. Kg1 Rh3 26. f3 Neg6 27. Na3 Rc8 28. Nb1 Ra8 29. Na3 Ne5 30. Nb5 Kh7 31. Nxd6 Rd8 32. Nf5 Rd2 33. Rf2 Rh1+ 34. Kxh1 Rxf2 35. Nd4 Rf1+ 36. Kh2 Nc4 37. Rb1 Ne3 38. Bc2 Rf2+ 39. Kg1 Rg2+ 40. Kh1 Nxc2 41. Rb2 Nxd4 42. Rxg2 Nxg2 43. Kxg2 Nc6 44. Kf2 Kg7 45. Kg3 Kf6 46. f4 gxf4+ 47. Kxf4 Ne5 48. Ke3 h5 49. Kd4 h4 50. Ke3 h3 51. Kf2 h2 52. Kg2 Ng4 53. Kh1 Ke5 54. Kg2 Kxe4 55. Kh1 Kd3 56. Kg2 Kxc3 57. Kh1 Kxb4 58. Kg2 a5 59. Kh1 a4 60. Kg2 a3 61. Kh1 a2 62. Kg2 a1Q 63. Kg3 Qg1+ 64. Kf4 h1Q 65. Kf5 Qd5+ 66. Kf4 Qe3+ 67. Kxg4 Qdg5# 0-1